书目信息 |
| 题名: |
销售英语看这本就够了
|
|
| 作者: | 施孝昌 编著 | |
| 分册: | ||
| 出版信息: | 北京 中国纺织出版社 2018 |
|
| 页数: | 289页 | |
| 开本: | 21cm | |
| 丛书名: | ||
| 单 册: | ||
| 中图分类: | F713.3 , H319.9 | |
| 科图分类: | ||
| 主题词: | 销售--英语--口语--自学参考资料 | |
| 电子资源: | ||
| ISBN: | 978-7-5180-4259-3 | |
| 000 | 01002nam0 2200253 450 | |
| 001 | 012001004146 | |
| 005 | 20140928162349.0 | |
| 010 | @a978-7-5180-4259-3@dCNY39.80 | |
| 100 | @a20180217d2018 em y0chiy50 ea | |
| 101 | 0 | @achi@aeng |
| 102 | @aCN@b110000 | |
| 105 | @aa z 000yy | |
| 106 | @ar | |
| 200 | 1 | @a销售英语看这本就够了@9xiao shou ying yu kan zhe ben jiu gou liao@f施孝昌编著 |
| 210 | @a北京@c中国纺织出版社@d2018 | |
| 215 | @a289页@c图@d21cm | |
| 305 | @a本书中文简体版经哈福企业有限公司授权,由中国纺织出版社独家出版发行 | |
| 330 | @a本书内容由浅入深,从见面拜访、网络销售、推销自我、产品解说,到议价谈判、合约签订、接单收款,甚至连售后服务和国外参展、出差等都包含其中,语气有缓有急,适度展现您的关怀,并指点您如何运用语言技巧,助您与客户完成签约,让业绩更上层楼。 | |
| 606 | 0 | @a销售@x英语@x口语@j自学参考资料 |
| 690 | @aF713.3@v5 | |
| 690 | @aH319.9@v5 | |
| 701 | 0 | @a施孝昌@9shi xiao chang@4编著 |
| 801 | 0 | @aCN@b上海新华@c20180901 |
| 905 | @b1165706-10@dF713.3@e1082@f5 | |
| 销售英语看这本就够了/施孝昌编著.-北京:中国纺织出版社,2018 |
| 289页:图;21cm |
| ISBN 978-7-5180-4259-3:CNY39.80 |
| 本书内容由浅入深,从见面拜访、网络销售、推销自我、产品解说,到议价谈判、合约签订、接单收款,甚至连售后服务和国外参展、出差等都包含其中,语气有缓有急,适度展现您的关怀,并指点您如何运用语言技巧,助您与客户完成签约,让业绩更上层楼。 |
| ● |
| 相关链接 |
|
|
|
|
正题名:销售英语看这本就够了
索取号:F713.3/1082
 
预约/预借
| 序号 | 登录号 | 条形码 | 馆藏地/架位号 | 状态 | 备注 |
| 1 | 1165706 | 211657063 | 第一样本阅览室/ [索取号:F713.3/1082] | 在馆 | |
| 2 | 1165707 | 211657072 | 第一借阅区/ [索取号:F713.3/1082] | 在馆 | |
| 3 | 1165708 | 211657081 | 第一借阅区/ [索取号:F713.3/1082] | 在馆 | |
| 4 | 1165709 | 211657090 | 密集书库-海洋学院/ [索取号:F713.3/1082] | 在馆 | |
| 5 | 1165710 | 211657107 | 第一借阅区/ [索取号:F713.3/1082] | 在馆 |